| 000 | 00611cam a2200217 4500 | ||
|---|---|---|---|
| 008 | 090401t1993 xxu||||| |||| 00| 0 eng d | ||
| 020 | _a0951472518 | ||
| 035 | _a(Sirsi) u84380 | ||
| 041 | _aeng | ||
| 050 | _a692.809 | ||
| 100 | _aNisbet, James | ||
| 245 | _aFair and reasonable: building contracts from 1550: a synopsis. | ||
| 260 |
_aLondon _bStoke Publications _c1993 |
||
| 300 | _aix,115p. : ill. ; 21cm. | ||
| 350 | _a0 | ||
| 650 | _aBUILT ENVIRONMENT-BUILDING CONTRACT FORMS | ||
| 650 | _aHISTORY | ||
| 690 | _aBUILT ENVIRONMENT-BUILDING CONTRACT FORMS | ||
| 942 | _n0 | ||
| 948 | _c04/03/1997 | ||
| 999 |
_c96933 _d96933 |
||